000 00272 a2200109 4500
001 51291
040 _cAnchieta - Pituba
240 1 0 _aTEAM DEUTSCH 1 DIGITAL
_l
245 1 0 _aTEAM DEUTSCH 1 DIGITAL
650 4 _aLínguas germânicas (teutônicas) língua alemã
942 _cMX
999 _c51291
_d51291